000 00802nam a2200253Ia 4500
003 OSt
005 20220925200501.0
006 a|||||r|||| 00| 0
007 ta
008 220923b |||||||| |||| 00| 0 eng d
020 _a9781107149359
_c895.00
037 _b2192, 05/12/2019, Dhanraj Book House
_cGeneral Book
040 _aRTL
_cRTL
_beng
041 _2eng
_aeng
082 _aY:3(W).2, Q5
100 _aUDUPA Sahana
_9257674
245 0 _aMaking news in global India
_b Media, public, politics
260 _aDelhi
_bCambridge University Press
_c2015
300 _axiii, 278p.
_ccm.
490 _aClimate Change Management
650 _aSociology
942 _hY:3(W).2, Q5
_cGB
_2CC
999 _c536781
_d536781